| 000 | 00757nam a22002537a 4500 | ||
|---|---|---|---|
| 999 |
_c4748 _d4748 |
||
| 001 | 17571 | ||
| 003 | BD-DhUAP | ||
| 005 | 20201118150959.0 | ||
| 008 | 201118r20021988bg a 001 0 eng d | ||
| 020 | _a0070996539 | ||
| 040 |
_aBD-DhAAL _cBD-DhAAL _beng _dBD-DhUAP |
||
| 082 | 0 | 0 |
_a543.5 WIL _223 |
| 100 | _aWilliams, Dudley H. | ||
| 245 |
_aSpectroscopic methods in organic chemistry / _cDudley H. Williams and Ian Fleming. |
||
| 250 | _a4th ed. | ||
| 260 |
_aNew Delhi : _bMcGraw-Hill, _cc1988 [Reprinted 2002]. |
||
| 300 |
_axii, 246 pages : _billustrations ; _c24 cm. |
||
| 500 | _aIncludes index. | ||
| 650 | _aSpectrum analysis | ||
| 650 | _aOrganic compounds -- analysis. | ||
| 700 | _aFleming, Ian. | ||
| 942 |
_2ddc _cBK |
||